[Event "Gyermek csapatbajnokság"]
[Site "Budapest"]
[Date "2015.08.28"]
[Round "4.7"]
[White "Tapodi, Norman Lajos"]
[Black "Gombocz, Ferenc Jr"]
[Result "1/2-1/2"]
[WhiteElo "1536"]
[BlackElo "1637"]
[PlyCount "77"]
[EventDate "2015.??.??"]

1. e4 e5 2. Nf3 Nf6 3. Nxe5 d6 4. Nf3 Nxe4 5. Nc3 Nxc3 6. dxc3 Be7 7. Be3 Nc6
8. Qd2 Be6 9. O-O-O Bf6 10. Kb1 h6 11. Be2 Qd7 12. Nd4 Nxd4 13. Bxd4 Bxd4 14.
Qxd4 Rg8 15. Bf3 Qb5 16. Qb4 Qxb4 17. cxb4 O-O-O 18. Rhe1 Rge8 19. Re3 Re7 20.
Rde1 Rde8 21. a3 c6 22. Kc1 Kd7 23. Kd2 g6 24. g3 f6 25. a4 Rh8 26. Kc3 h5 27.
h4 Rhe8 28. a5 a6 29. Kd2 f5 30. Bg2 Rb8 31. c3 Rf8 32. f4 Rfe8 33. Bf3 d5 34.
Re5 Kd6 35. Kd3 Rb8 36. Kd4 Rc8 37. R1e2 Rb8 38. Re1 c5+ 39. bxc5+ 1/2-1/2

[Event "Gyermek csapatbajnokság"]
[Site "Budapest"]
[Date "2015.08.28"]
[Round "4.8"]
[White "Pasztor, Balazs"]
[Black "Bodicsi, Barna"]
[Result "1-0"]
[WhiteElo "1555"]
[BlackElo "1677"]
[PlyCount "57"]
[EventDate "2015.??.??"]

1. e4 e5 2. Nf3 Nc6 3. Bc4 Bc5 4. c3 Nf6 5. d3 d6 6. Bb3 Bg4 7. Nbd2 O-O 8. h3
Bh5 9. Nf1 Bb6 10. Ng3 a6 11. O-O Qe7 12. Bg5 Bxf3 13. Qxf3 h6 14. Nf5 Qd8 15.
Nxh6+ gxh6 16. Bxf6 Qxf6 17. Qxf6 Kh7 18. Bxf7 Rxf7 19. Qxf7+ Kh8 20. Qg6 Rf8
21. Kh1 Ne7 22. Qxh6+ Kg8 23. Qe6+ Rf7 24. f4 Kg7 25. fxe5 Rxf1+ 26. Rxf1 Ng6
27. Qf7+ Kh6 28. Rf6 Kh5 29. Qxg6+ 1-0

[Event "Gyermek csapatbajnokság"]
[Site "Budapest"]
[Date "2015.08.28"]
[Round "4.10"]
[White "Gombocz, Judit"]
[Black "Farkas, Virag"]
[Result "0-1"]
[WhiteElo "1084"]
[BlackElo "1405"]
[PlyCount "50"]
[EventDate "2015.??.??"]

1. d4 e6 2. Nf3 d5 3. e3 Nf6 4. c4 Nc6 5. Bd3 Be7 6. O-O O-O 7. a3 b6 8. Nbd2
Bb7 9. b3 a5 10. Bb2 h6 11. Ne5 Bd6 12. f4 Bxe5 13. fxe5 Nd7 14. Rf3 dxc4 15.
Bxc4 Ncxe5 16. Rg3 Nxc4 17. bxc4 Nf6 18. d5 exd5 19. Bxf6 Qxf6 20. Rc1 d4 21.
Qh5 dxe3 22. Rf1 Qe6 23. Rf6 Qxf6 24. Nf1 Qf2+ 25. Kh1 Qxf1# 0-1

[Event "Gyermek csapatbajnokság"]
[Site "Budapest"]
[Date "2015.08.28"]
[Round "5.1"]
[White "Borhy, Marcell"]
[Black "Kozsik, Bende Barnabas"]
[Result "1/2-1/2"]
[WhiteElo "1841"]
[BlackElo "1736"]
[PlyCount "67"]
[EventDate "2015.??.??"]

1. c4 e5 2. Nc3 Nc6 3. Nf3 d6 4. g3 Be6 5. b3 h6 6. Bg2 Qd7 7. Bb2 Bh3 8. O-O
Bxg2 9. Kxg2 Nge7 10. e4 g5 11. Nd5 Bg7 12. h3 Nxd5 13. cxd5 Ne7 14. d4 Ng6 15.
dxe5 Nxe5 16. Nxe5 Bxe5 17. Bxe5 dxe5 18. Qf3 Rf8 19. Qf6 Qd6 20. Qxd6 cxd6 21.
Rac1 Kd7 22. f4 f6 23. Kf3 h5 24. Ke3 Rad8 25. Rc2 a6 26. Kd3 Rde8 27. fxg5
fxg5 28. Rcf2 Ke7 29. Rxf8 Rxf8 30. Rxf8 Kxf8 31. Kc4 Ke7 32. Kb4 b6 33. a4 Kd7
34. Kc4 1/2-1/2

[Event "Gyermek csapatbajnokság"]
[Site "Budapest"]
[Date "2015.08.28"]
[Round "5.2"]
[White "Schiszler, Gellert"]
[Black "Kiraly, Barnabas"]
[Result "1-0"]
[WhiteElo "1479"]
[BlackElo "1418"]
[PlyCount "126"]
[EventDate "2015.??.??"]

1. e4 e5 2. Nf3 Nc6 3. Bc4 Bc5 4. c3 Nf6 5. d3 O-O 6. Nbd2 d6 7. Bb3 Bb6 8. Nf1
Ne7 9. Ng3 Ng6 10. O-O h6 11. h3 c6 12. Kh1 Be6 13. Nh2 Bxb3 14. axb3 Bc7 15.
Nf5 Ne7 16. Ng4 Nxf5 17. exf5 Kh7 18. Nxf6+ Qxf6 19. g4 g5 20. Kg2 d5 21. f3
Rfe8 22. Qe2 Re7 23. Bd2 Rae8 24. Rae1 Qd6 25. Kh1 f6 26. Qh2 a6 27. h4 e4 28.
Qxd6 Bxd6 29. d4 e3 30. Bc1 e2 31. Rg1 gxh4 32. Rg2 Bg3 33. Rxg3 hxg3 34. Kg2
b6 35. b4 Rc7 36. Kxg3 c5 37. bxc5 bxc5 38. dxc5 Rxc5 39. Kf2 d4 40. cxd4 Rc2
41. b4 Rec8 42. Bf4 R8c4 43. Rxe2 Rxe2+ 44. Kxe2 Rxb4 45. Be3 a5 46. Bd2 Rb2
47. Kd3 a4 48. Bc3 Rf2 49. Ke3 Ra2 50. d5 Kg7 51. Kd4 Rc2 52. Kd3 Rf2 53. Ke3
Rc2 54. Kd3 Rf2 55. Ke3 Rc2 56. Kd3 Rxc3+ 57. Kxc3 Kf7 58. Kb4 Ke7 59. Kxa4 Kd6
60. Kb3 Kxd5 61. Kc3 Ke5 62. Kd3 Kf4 63. Ke2 h5 1-0

[Event "Gyermek csapatbajnokság"]
[Site "Budapest"]
[Date "2015.08.28"]
[Round "5.3"]
[White "Petroczy, Zoltan"]
[Black "Juhasz, Agoston"]
[Result "0-1"]
[WhiteElo "1538"]
[BlackElo "1518"]
[PlyCount "74"]
[EventDate "2015.??.??"]

1. e4 c6 2. d4 d5 3. f3 dxe4 4. fxe4 e5 5. Nf3 Bg4 6. Be2 Bxf3 7. Bxf3 Qxd4 8.
Qe2 Qb6 9. c3 Nd7 10. Nd2 Ngf6 11. Nc4 Qc7 12. O-O Bc5+ 13. Kh1 O-O 14. b4 Be7
15. Be3 c5 16. a3 Rac8 17. Nd2 Rfd8 18. Rfd1 Nf8 19. Rdc1 Ne6 20. Nc4 Nd7 21.
Bg4 Ng5 22. Bxg5 Bxg5 23. Rd1 cxb4 24. Bxd7 Qxc4 25. Qxc4 Rxc4 26. cxb4 Rxe4
27. Bf5 Red4 28. Re1 g6 29. Bc2 Rd2 30. Bb3 Rb2 31. Ba4 Rdd2 32. Bb5 Rxg2 33.
Bf1 Rxh2+ 34. Kg1 f6 35. Bc4+ Kg7 36. Bf1 Bf4 37. Red1 Be3# 0-1

[Event "Gyermek csapatbajnokság"]
[Site "Budapest"]
[Date "2015.08.28"]
[Round "5.4"]
[White "Kovacs, Lilla"]
[Black "Mesits, Maxim"]
[Result "0-1"]
[WhiteElo "1316"]
[BlackElo "1272"]
[PlyCount "102"]
[EventDate "2015.??.??"]

1. d4 Nf6 2. c4 e6 3. Nc3 Bb4 4. Bg5 Bxc3+ 5. bxc3 b6 6. e3 Bb7 7. Nf3 d6 8.
Be2 Nbd7 9. O-O h6 10. Bxf6 Nxf6 11. Rb1 O-O 12. Nd2 Re8 13. Bf3 Bxf3 14. Qxf3
e5 15. Qc6 Qd7 16. Qxd7 Nxd7 17. Nb3 f5 18. g3 g5 19. Kg2 Nf6 20. Nd2 Rad8 21.
Rfe1 Rd7 22. f3 h5 23. e4 f4 24. gxf4 gxf4 25. Kf2 Kf7 26. Rg1 Rg8 27. Rxg8
Kxg8 28. Rg1+ Rg7 29. Nb3 Nd7 30. a4 Rxg1 31. Kxg1 Kg7 32. a5 Kg6 33. h4 Kf6
34. Kg2 Ke7 35. d5 Kd8 36. Kf2 Kc8 37. Nc1 Kb7 38. Nb3 Ka6 39. axb6 cxb6 40. c5
Nxc5 41. Nxc5+ bxc5 42. Ke2 Kb5 43. Kd3 Ka4 44. Kc2 Ka3 45. c4 Ka2 46. Kc3 a6
47. Kc2 a5 48. Kc3 a4 49. Kc2 a3 50. Kc3 Kb1 51. Kb3 a2 0-1

[Event "Gyermek csapatbajnokság"]
[Site "Budapest"]
[Date "2015.08.28"]
[Round "5.7"]
[White "Kovacs, Patrik Zsolt"]
[Black "Tapodi, Norman Lajos"]
[Result "1/2-1/2"]
[WhiteElo "1543"]
[BlackElo "1536"]
[PlyCount "66"]
[EventDate "2015.??.??"]

1. d4 Nf6 2. Nf3 e6 3. Bg5 Be7 4. c4 d5 5. e3 O-O 6. Nc3 c6 7. Be2 Nbd7 8. O-O
b6 9. cxd5 cxd5 10. Rc1 a6 11. a4 Bb7 12. Qd2 Bd6 13. h3 h6 14. Bh4 Qe7 15. Na2
Rfc8 16. b4 Qf8 17. b5 a5 18. Bd3 Ba3 19. Rc2 Rxc2 20. Bxc2 Bd6 21. Rc1 Rc8 22.
Bb3 Ne4 23. Qe1 Rxc1 24. Nxc1 Qb8 25. Ne2 g5 26. Bg3 Nxg3 27. Nxg3 Bxg3 28.
fxg3 Qc7 29. g4 Kg7 30. Qd2 Nf6 31. Qc2 Qxc2 32. Bxc2 Nd7 33. Bb3 Bc8 1/2-1/2

[Event "Gyermek csapatbajnokság"]
[Site "Budapest"]
[Date "2015.08.28"]
[Round "5.8"]
[White "Bodicsi, Barna"]
[Black "Karacsonyi, Kata"]
[Result "0-1"]
[WhiteElo "1677"]
[BlackElo "1461"]
[PlyCount "56"]
[EventDate "2015.??.??"]

1. d4 f5 2. c4 Nf6 3. Nc3 g6 4. Nf3 Bg7 5. Bf4 O-O 6. e3 e6 7. Bg5 d6 8. d5 e5
9. e4 h6 10. Bxf6 Qxf6 11. Bd3 Nd7 12. Nd2 Nc5 13. Nb3 fxe4 14. O-O exd3 15.
Nxc5 dxc5 16. Qxd3 Bf5 17. Qe3 Qh4 18. Qxc5 Bd3 19. Rfd1 e4 20. f3 exf3 21.
Rxd3 f2+ 22. Kf1 Qxh2 23. Rdd1 Rae8 24. Qxf8+ Bxf8 25. Kxf2 Bc5+ 26. Kf3 Qe5
27. Rd3 Qf5+ 28. Kg3 Bd6+ 0-1

[Event "Gyermek csapatbajnokság"]
[Site "Budapest"]
[Date "2015.08.28"]
[Round "5.9"]
[White "Bangha, Otto Peter"]
[Black "Varga, Gabor"]
[Result "0-1"]
[WhiteElo "1427"]
[BlackElo "1540"]
[PlyCount "36"]
[EventDate "2015.??.??"]

1. e4 c5 2. Nf3 Nc6 3. d4 cxd4 4. Nxd4 g6 5. c4 Bg7 6. Nb3 d6 7. Bd3 Nf6 8. Nc3
O-O 9. Rg1 a6 10. Be3 Ng4 11. Bd2 Qc7 12. Be2 Nf6 13. Be3 Ne5 14. c5 Rd8 15.
Qc2 Neg4 16. cxd6 Rxd6 17. Bxg4 Nxg4 18. Bf4 e5 {...} 0-1

[Event "Gyermek csapatbajnokság"]
[Site "Budapest"]
[Date "2015.08.28"]
[Round "5.10"]
[White "Farkas, Virag"]
[Black "Fule, Simon"]
[Result "1/2-1/2"]
[WhiteElo "1405"]
[BlackElo "1426"]
[PlyCount "96"]
[EventDate "2015.??.??"]

1. d4 Nf6 2. e3 g6 3. Bd3 Bg7 4. Nf3 d6 5. Nbd2 O-O 6. O-O Re8 7. e4 e5 8. c3
Nbd7 9. Nc4 exd4 10. Nxd4 Nxe4 11. Re1 Ndc5 12. Bxe4 Nxe4 13. f3 Nc5 14. Nb5
Rxe1+ 15. Qxe1 Bd7 16. Nd4 b5 17. Ne3 Qe7 18. Qg3 Re8 19. Bd2 Qe5 20. f4 Qe7
21. Re1 Qd8 22. Nd5 Ne4 23. Qd3 Nxd2 24. Qxd2 c6 25. Ne3 c5 26. Nf3 Bc6 27. Ng5
h6 28. Nf3 Re4 29. Qf2 Rxf4 30. a3 Bxf3 31. gxf3 Qg5+ 32. Ng2 Rf6 33. Re7 Qc1+
34. Re1 Qg5 35. Re7 Re6 36. Rxe6 fxe6 37. Qe2 Qd5 38. Nf4 Qe5 39. Qxe5 Bxe5 40.
Nxe6 a5 41. Nc7 b4 42. axb4 axb4 43. cxb4 cxb4 44. b3 Kf7 45. h3 Ke7 46. Kf2
Kd7 47. Nd5 Bc3 48. Ke2 g5 1/2-1/2

[Event "Gyermek csapatbajnokság"]
[Site "Budapest"]
[Date "2015.08.28"]
[Round "5.11"]
[White "Pervai, Laszlo"]
[Black "Fulop, Csilla"]
[Result "1/2-1/2"]
[WhiteElo "1377"]
[BlackElo "1342"]
[PlyCount "66"]
[EventDate "2015.??.??"]

1. d4 Nf6 2. c4 c6 3. Nf3 d5 4. Nc3 Bf5 5. Qb3 Qb6 6. Bf4 e6 7. e3 Qxb3 8. axb3
Bb4 9. Be2 Ne4 10. Bxb8 Rxb8 11. O-O a6 12. Rfc1 O-O 13. Nh4 Bg6 14. Nxg6 hxg6
15. Rc2 Nf6 16. Ra4 Bd6 17. Bd3 Bc7 18. Ra1 Kh7 19. Rd2 Rh8 20. h3 Kg8 21. e4
Rd8 22. Bc2 g5 23. e5 Nd7 24. Rd3 Rh6 25. g4 Kf8 26. Kg2 Ke7 27. Rh1 Rdh8 28.
Ne2 Nf8 29. Rf3 Ng6 30. Bxg6 Rxg6 31. Nc1 Bb6 32. Ne2 Rgh6 33. c5 Ba7 1/2-1/2

[Event "Gyermek csapatbajnokság"]
[Site "Budapest"]
[Date "2015.08.29"]
[Round "6.1"]
[White "Kozsik, Bende Barnabas"]
[Black "Kovacs, Patrik Zsolt"]
[Result "1-0"]
[WhiteElo "1736"]
[BlackElo "1543"]
[PlyCount "75"]
[EventDate "2015.??.??"]

1. e4 c5 2. Nf3 d6 3. d4 cxd4 4. Nxd4 Nf6 5. Nc3 g6 6. Be3 Bg7 7. f3 O-O 8. Qd2
Nc6 9. Bc4 Bd7 10. O-O-O Rc8 11. Bb3 Ne5 12. h4 h5 13. g4 Nc4 14. Bxc4 Rxc4 15.
gxh5 Nxh5 16. Rhg1 Kh7 17. Rg5 Rg8 18. Rdg1 Bf6 19. R5g2 a6 20. Nd5 Bg7 21. Qd3
Rc8 22. Kb1 e6 23. Nc3 Qe7 24. Bg5 Bf6 25. Bxf6 Qxf6 26. Rg5 e5 27. Nd5 Qd8 28.
Nf5 Bxf5 29. exf5 Qe8 30. Rxh5+ gxh5 31. Nf6+ Kh8 32. Rxg8+ Qxg8 33. Nxg8 Rxg8
34. c4 Rd8 35. f4 exf4 36. Qd4+ Kh7 37. Qxf4 f6 38. Qf3 1-0

[Event "Gyermek csapatbajnokság"]
[Site "Budapest"]
[Date "2015.08.29"]
[Round "6.2"]
[White "Karacsonyi, Kata"]
[Black "Schiszler, Gellert"]
[Result "1-0"]
[WhiteElo "1461"]
[BlackElo "1479"]
[PlyCount "41"]
[EventDate "2015.??.??"]

1. e4 Nc6 2. d4 d5 3. e5 Bf5 4. Nc3 f6 5. exf6 Nxf6 6. Bf4 a6 7. Nf3 Bg4 8. Be2
Bxf3 9. Bxf3 Qd7 10. O-O h5 11. Qd3 O-O-O 12. Na4 e6 13. c4 dxc4 14. Qxc4 Qxd4
15. Qxe6+ Qd7 16. Qc4 Qd4 17. Qe6+ Qd7 18. Qb3 Qd3 19. Nc3 Bb4 20. Bxc6 Bxc3
21. Qxb7# 1-0

[Event "Gyermek csapatbajnokság"]
[Site "Budapest"]
[Date "2015.08.29"]
[Round "6.3"]
[White "Juhasz, Agoston"]
[Black "Bangha, Otto Peter"]
[Result "0-1"]
[WhiteElo "1518"]
[BlackElo "1427"]
[PlyCount "106"]
[EventDate "2015.??.??"]

1. e4 c5 2. Nf3 Nc6 3. c3 Nf6 4. e5 Nd5 5. d4 cxd4 6. Bc4 Nb6 7. Bb3 dxc3 8.
Nxc3 g6 9. Bf4 Bg7 10. O-O O-O 11. Qd2 Re8 12. Rad1 Rf8 13. Bh6 a6 14. Qf4 e6
15. Bg5 f6 16. Bxe6+ Kh8 17. Qh4 fxg5 18. Nxg5 h6 19. Nf7+ Rxf7 20. Qxd8+ Nxd8
21. Bxf7 Nxf7 22. f4 Nc4 23. Rf2 b5 24. b3 Nb6 25. Ne4 Bb7 26. Nd6 Bd5 27. Rfd2
Nxd6 28. exd6 Bf8 29. Rxd5 Nxd5 30. Rxd5 Rc8 31. f5 Kg7 32. fxg6 Kxg6 33. h4
Rc1+ 34. Kh2 Ra1 35. h5+ Kf6 36. Rd2 Ke6 37. Kh3 Bxd6 38. Kg4 Re1 39. g3 Re4+
40. Kf3 Re5 41. g4 Bb4 42. Rd4 Bc5 43. Rd2 d5 44. a4 Re3+ 45. Kf4 Rxb3 46. Re2+
Kd6 47. axb5 axb5 48. Kf5 Rf3+ 49. Kg6 Be3 50. Rxe3 Rxe3 51. Kxh6 b4 52. g5 b3
53. g6 Rg3 0-1

[Event "Gyermek csapatbajnokság"]
[Site "Budapest"]
[Date "2015.08.29"]
[Round "6.4"]
[White "Fule, Simon"]
[Black "Kovacs, Lilla"]
[Result "1-0"]
[WhiteElo "1426"]
[BlackElo "1316"]
[PlyCount "119"]
[EventDate "2015.??.??"]

1. e4 c6 2. d4 d5 3. Nc3 dxe4 4. Nxe4 Bf5 5. Ng3 Bg6 6. Nf3 Nd7 7. h4 h6 8. h5
Bh7 9. Bc4 e6 10. Be3 Ngf6 11. Bd3 Bxd3 12. Qxd3 Bd6 13. Ne4 Nxe4 14. Qxe4 Nf6
15. Qd3 Qc7 16. Nd2 Nd5 17. Nc4 O-O-O 18. O-O-O Bf4 19. Kb1 Bxe3 20. Nxe3 Nf4
21. Qf1 Qa5 22. Nc4 Qb5 23. Ne5 Qxf1 24. Rhxf1 Rhf8 25. g4 Nd5 26. c3 Kc7 27.
Kc2 Nf6 28. f3 Nd5 29. Rde1 b6 30. a3 a5 31. Nd3 Nf6 32. Rg1 Rd6 33. Ne5 Rdd8
34. b4 axb4 35. axb4 Nd7 36. Nd3 b5 37. Ra1 Ra8 38. Kb3 Kb6 39. Ra2 Rxa2 40.
Kxa2 Ra8+ 41. Kb3 g6 42. hxg6 fxg6 43. Rh1 Rh8 44. Nf4 Nf8 45. Re1 h5 46. gxh5
gxh5 47. Nxe6 Ng6 48. f4 Re8 49. f5 Nf8 50. Re2 h4 51. c4 h3 52. cxb5 h2 53.
Rxh2 Nxe6 54. fxe6 Rxe6 55. bxc6 Rxc6 56. d5 Rg6 57. Rd2 Kb5 58. Rc2 Rd6 59.
Rc5+ Kb6 60. Ka4 1-0

[Event "Gyermek csapatbajnokság"]
[Site "Budapest"]
[Date "2015.08.29"]
[Round "6.5"]
[White "Palczert, Hajnalka"]
[Black "Rahimkulov, Margarita"]
[Result "0-1"]
[WhiteElo "1434"]
[BlackElo "1284"]
[PlyCount "158"]
[EventDate "2015.??.??"]

1. e4 e6 2. d4 d5 3. Nc3 h6 4. Nf3 Nf6 5. e5 Nfd7 6. Bd3 c5 7. Bf4 Qb6 8. Rb1
cxd4 9. Nb5 Nc6 10. O-O a6 11. Na3 Bc5 12. Bg3 O-O 13. Qd2 Qc7 14. Qf4 b5 15.
Rbd1 Bb7 16. Nb1 Rac8 17. a3 Kh8 18. Rfe1 Rce8 19. Qh4 Kg8 20. Qh5 Qd8 21. Nbd2
f6 22. Nb3 fxe5 23. Nxe5 Ncxe5 24. Bxe5 Bb6 25. Bxd4 Bxd4 26. Nxd4 Qf6 27. Nf3
Qxb2 28. Ra1 e5 29. Bg6 Re6 30. Reb1 Qc3 31. Bf5 Rd6 32. Bxd7 Rxd7 33. Qxe5
Qxc2 34. Qe6+ Rdf7 35. Ne5 Qf5 36. Qxf5 Rxf5 37. Nf3 d4 38. Rb3 Bxf3 39. gxf3
Rxf3 40. Rb2 Rd8 41. Rd2 Kf7 42. Kf1 Rh3 43. Kg2 Rc3 44. Raa2 g5 45. f3 Kf6 46.
Kf2 Re3 47. Rdb2 Kf5 48. Rd2 Kf4 49. Kg2 Rxf3 50. Rd1 h5 51. Rdd2 h4 52. Rd1 g4
53. Rdd2 d3 54. Ra1 Re3 55. Raa2 Rf3 56. Rab2 g3 57. hxg3+ hxg3 58. Kg1 Rf2 59.
Ra2 Rxd2 60. Rxd2 Ke3 61. Rd1 Ke2 62. Ra1 Rc8 63. Kg2 Rc2 64. Kxg3 d2 65. Kf4
d1=Q 66. Rxd1 Kxd1 67. Ke3 a5 68. Kd3 b4 69. Ke3 b3 70. a4 b2 71. Kd3 b1=Q 72.
Ke3 Qb3+ 73. Kd4 Qxa4+ 74. Kd3 Qb3+ 75. Kd4 Rc4+ 76. Kd5 Qb5+ 77. Kd6 Rc6+ 78.
Kd7 Qb7+ 79. Ke8 Rc8# 0-1

[Event "Gyermek csapatbajnokság"]
[Site "Budapest"]
[Date "2015.08.29"]
[Round "6.7"]
[White "Tapodi, Norman Lajos"]
[Black "Borhy, Marcell"]
[Result "1/2-1/2"]
[WhiteElo "1536"]
[BlackElo "1841"]
[PlyCount "67"]
[EventDate "2015.??.??"]

1. e4 c5 2. Nf3 d6 3. d4 cxd4 4. Nxd4 Nf6 5. Nc3 g6 6. f3 Bg7 7. Be3 Nc6 8. Qd2
h5 9. Bc4 Bd7 10. Bb3 Rc8 11. O-O-O Na5 12. Kb1 a6 13. h3 h4 14. Qf2 Nc4 15.
Bxc4 Rxc4 16. Nb3 b5 17. Nd5 Nxd5 18. Rxd5 Qa8 19. Rd2 Rh5 20. Bd4 Bxd4 21.
Rxd4 Rc7 22. Rhd1 a5 23. Rd5 Rh7 24. Nc1 Qa6 25. Ne2 Be6 26. R5d2 Kf8 27. Nf4
b4 28. Nxe6+ fxe6 29. Qe3 Rh5 30. Qf4+ Kg7 31. Qe3 Rhc5 32. Qf2 Rh5 33. Qe3 Kh7
34. Qb3 1/2-1/2

[Event "Gyermek csapatbajnokság"]
[Site "Budapest"]
[Date "2015.08.29"]
[Round "6.8"]
[White "Kiraly, Barnabas"]
[Black "Varga, Gabor"]
[Result "1-0"]
[WhiteElo "1418"]
[BlackElo "1540"]
[PlyCount "77"]
[EventDate "2015.??.??"]

1. e4 c5 2. Nf3 Nc6 3. d4 cxd4 4. Nxd4 g6 5. Nc3 Bg7 6. Be3 Nf6 7. f3 O-O 8.
Qd2 d6 9. O-O-O Bd7 10. g4 a6 11. Bh6 Nxd4 12. Bxg7 Nxf3 13. Qf4 Kxg7 14. g5
Nxg5 15. Qxg5 Bc6 16. Bd3 b5 17. a3 Qc8 18. Rhg1 Bd7 19. Be2 Rb8 20. h4 h6 21.
Qg2 Bh3 22. Qf3 Be6 23. h5 g5 24. Rgf1 Bg4 25. Qf2 Bxe2 26. Qxe2 Qg4 27. e5
Qxe2 28. exf6+ exf6 29. Nxe2 Rfe8 30. Ng3 Rbd8 31. Nf5+ Kh7 32. Rxd6 Rxd6 33.
Nxd6 Rd8 34. Rxf6 Kg7 35. Rxf7+ Kg8 36. Rf6 Kg7 37. Rg6+ Kh7 38. Nf5 Rf8 39.
Rxh6+ 1-0

[Event "Gyermek csapatbajnokság"]
[Site "Budapest"]
[Date "2015.08.29"]
[Round "6.9"]
[White "Farkas, Virag"]
[Black "Petroczy, Zoltan"]
[Result "1-0"]
[WhiteElo "1405"]
[BlackElo "1538"]
[PlyCount "43"]
[EventDate "2015.??.??"]

1. d4 d5 2. e3 e6 3. Bd3 Nf6 4. Nf3 Be7 5. Nbd2 Nbd7 6. e4 dxe4 7. Nxe4 O-O 8.
O-O b6 9. Nfg5 Bb7 10. Nxf6+ Nxf6 11. c3 Nd5 12. Bxh7+ Kh8 13. Qh5 Nf6 14. Qh3
g6 15. Bxg6+ Kg7 16. Bc2 Rh8 17. Qg3 Ng4 18. Qxg4 Bxg5 19. Bxg5 Qg8 20. Be7+
Kh6 21. Qh4+ Kg7 22. Qf6# 1-0

[Event "Gyermek csapatbajnokság"]
[Site "Budapest"]
[Date "2015.08.29"]
[Round "6.10"]
[White "Mesits, Maxim"]
[Black "Kocsmar, Akos"]
[Result "1-0"]
[WhiteElo "1272"]
[BlackElo "1321"]
[PlyCount "37"]
[EventDate "2015.??.??"]

1. e4 c5 2. Nf3 Nc6 3. d4 cxd4 4. Nxd4 g6 5. Nc3 Bg7 6. Be3 Nf6 7. f3 O-O 8.
Qd2 d6 9. O-O-O Bd7 10. g4 a6 11. h4 Rc8 12. h5 Na5 13. Bg5 b5 14. Re1 Qc7 15.
Qh2 Nxg4 16. fxg4 Be5 17. Qh3 b4 18. hxg6 fxg6 19. Qxh7# 1-0

[Event "Gyermek csapatbajnokság"]
[Site "Budapest"]
[Date "2015.08.29"]
[Round "7.1"]
[White "Csiki, Endre"]
[Black "Kozsik, Bende Barnabas"]
[Result "1-0"]
[WhiteElo "1788"]
[BlackElo "1736"]
[PlyCount "119"]
[EventDate "2015.??.??"]

1. e4 c5 2. Nf3 Nc6 3. Nc3 g6 4. d4 cxd4 5. Nxd4 Bg7 6. Nb3 Nf6 7. Be2 O-O 8.
O-O d6 9. Bg5 h6 10. Be3 h5 11. h3 Nh7 12. f4 f5 13. Bf3 e5 14. Qd5+ Kh8 15.
Rad1 exf4 16. Bxf4 Be5 17. Bxe5+ dxe5 18. Qc4 Qe8 19. Nd5 Be6 20. Qc3 Rc8 21.
Qe3 f4 22. Qe2 Nf6 23. c3 Qf7 24. Rd2 Ne7 25. Rfd1 Neg8 26. Qb5 a6 27. Qa5 Bxd5
28. exd5 e4 29. Be2 Nd7 30. Qa4 Rfe8 31. Qd4+ Qf6 32. Qxf6+ Ngxf6 33. h4 Kh7
34. Rf1 Re5 35. Rxf4 Rf5 36. Rxf5 gxf5 37. Nd4 Kg6 38. Ne6 Nf8 39. Nf4+ Kh6 40.
d6 Ng6 41. Ne6 Nd7 42. Rd5 Re8 43. Nc7 Re5 44. g3 Nh8 45. c4 Rxd5 46. Nxd5 Nf7
47. Nf4 Nxd6 48. Nxh5 b5 49. cxb5 axb5 50. Nf4 Nc5 51. Kf2 Na4 52. Ke3 Nxb2 53.
Kd4 Nbc4 54. a4 Na5 55. axb5 Kg7 56. Kd5 Nab7 57. b6 Kf6 58. Ba6 Nc8 59. Bxb7
Nxb6+ 60. Kd4 1-0

[Event "Gyermek csapatbajnokság"]
[Site "Budapest"]
[Date "2015.08.29"]
[Round "7.2"]
[White "Schiszler, Gellert"]
[Black "Demeter, Dorina"]
[Result "1/2-1/2"]
[WhiteElo "1479"]
[BlackElo "1719"]
[PlyCount "114"]
[EventDate "2015.??.??"]

1. e4 c5 2. c4 e6 3. Nc3 Nc6 4. g3 g6 5. Bg2 Bg7 6. Nge2 Nge7 7. O-O a6 8. d3
Rb8 9. a4 O-O 10. Be3 d6 11. f4 f5 12. Rb1 Nb4 13. d4 b6 14. d5 exd5 15. exd5
Re8 16. Bf2 Bb7 17. Re1 Qd7 18. Qd2 Kh8 19. Nc1 Ng8 20. Nb3 Nf6 21. h3 Ne4 22.
Bxe4 fxe4 23. Nxe4 Qxa4 24. Nxd6 Rxe1+ 25. Rxe1 Qxb3 26. Nxb7 Nd3 27. Re3 Qxc4
28. Rxd3 Rxb7 29. d6 Rd7 30. b3 Qf7 31. Qe2 Kg8 32. Qe4 Bf8 33. Qc6 Qe6 34.
Qxb6 Rxd6 35. Rxd6 Qxd6 36. Qxd6 Bxd6 37. Kf1 Kf7 38. Ke2 Ke6 39. Ke3 Kd5 40.
Kd3 Be7 41. Be3 Bf6 42. Bd2 h5 43. Be3 Bg7 44. Bd2 Bd4 45. Be3 Bxe3 46. Kxe3 a5
47. Kd3 c4+ 48. bxc4+ Kc5 49. Kc3 a4 50. g4 hxg4 51. hxg4 a3 52. Kb3 a2 53.
Kxa2 Kxc4 54. f5 gxf5 55. gxf5 Kd5 56. f6 Ke6 57. f7 Kxf7 1/2-1/2

[Event "Gyermek csapatbajnokság"]
[Site "Budapest"]
[Date "2015.08.29"]
[Round "7.3"]
[White "Lukacs, Anna"]
[Black "Juhasz, Agoston"]
[Result "1/2-1/2"]
[WhiteElo "1413"]
[BlackElo "1518"]
[PlyCount "138"]
[EventDate "2015.??.??"]

1. e4 c6 2. d4 d5 3. exd5 cxd5 4. c4 Nf6 5. Nc3 e6 6. Bf4 Nc6 7. Nf3 Bb4 8. Be2
O-O 9. O-O a6 10. Bg5 Be7 11. a3 dxc4 12. Bxc4 b5 13. Ba2 b4 14. axb4 Nxb4 15.
Bc4 Bb7 16. Rc1 Bxf3 17. gxf3 Qd7 18. Kh1 Rfd8 19. Ne2 Qb7 20. Nf4 e5 21. Ng2
Rxd4 22. Qb3 Rf8 23. Rfe1 Qb8 24. Ra1 Nd3 25. Rf1 Qxb3 26. Bxb3 Rb8 27. Bc2
Rxb2 28. Bxd3 Rxd3 29. Ne3 Ra3 30. Rac1 h6 31. Bxf6 Bxf6 32. Nc4 Rbb3 33. Nxa3
Rxa3 34. Kg2 Rb3 35. Rb1 Rc3 36. Rfc1 Rxc1 37. Rxc1 Kh7 38. Ra1 Bg5 39. Rxa6 f6
40. Ra4 Kg6 41. Kf1 Bf4 42. Kg1 Kg5 43. Ra7 g6 44. Rg7 Kf5 45. h4 Bd2 46. Kf1
Bf4 47. Ke2 Bh2 48. Kd3 h5 49. Rb7 Bg1 50. Ke2 Bh2 51. Rb1 Bf4 52. Rg1 Bh6 53.
Kd3 g5 54. Rh1 g4 55. fxg4+ hxg4 56. Rg1 Kf4 57. Ke2 f5 58. Rg3 e4 59. Rb3 Ke5
60. Rb6 Bg7 61. h5 f4 62. Rg6 Bf6 63. Rxg4 Kf5 64. Rg1 Bg5 65. Rh1 Bh6 66. Rb1
Kg4 67. Rb5 e3 68. f3+ Kh4 69. Rf5 Bg5 1/2-1/2

[Event "Gyermek csapatbajnokság"]
[Site "Budapest"]
[Date "2015.08.29"]
[Round "7.4"]
[White "Kovacs, Lilla"]
[Black "Barsi, Botond"]
[Result "1-0"]
[WhiteElo "1316"]
[BlackElo "1369"]
[PlyCount "111"]
[EventDate "2015.??.??"]

1. d4 d5 2. c4 c6 3. Nc3 dxc4 4. a4 Nf6 5. e3 e6 6. Bxc4 Bb4 7. Bd2 O-O 8. Nf3
Nbd7 9. O-O Nb6 10. Bd3 Re8 11. Qc2 a5 12. Ne4 Nbd5 13. Nxf6+ Nxf6 14. Bxb4
axb4 15. b3 g6 16. Bc4 Qc7 17. Ne5 b6 18. Bb5 Bb7 19. Rac1 Rec8 20. Qb2 c5 21.
dxc5 bxc5 22. Nxg6 hxg6 23. Qxf6 Bd5 24. Bc4 Qb7 25. f3 Bxc4 26. Rxc4 Kf8 27.
Qh8+ Ke7 28. Qh4+ Kd7 29. Rd1+ Kc6 30. Qe4+ Kb6 31. Qxb7+ Kxb7 32. Rd7+ Kb6 33.
Kf2 f5 34. Rd6+ Rc6 35. Rxc6+ Kxc6 36. e4 Rd8 37. Ke2 Rh8 38. h3 Rh4 39. Ke3 g5
40. Kd3 f4 41. Ke2 Rh8 42. Rc2 Ra8 43. Kd1 Rd8+ 44. Rd2 Rh8 45. Kc2 Ra8 46. e5
Rf8 47. Rd6+ Kc7 48. Rxe6 Rf5 49. Kd3 Kd7 50. Rd6+ Ke7 51. Ke4 Rf8 52. Kd5 Rf5
53. Re6+ Kf7 54. Rf6+ Rxf6 55. exf6 Kxf6 56. a5 1-0

[Event "Gyermek csapatbajnokság"]
[Site "Budapest"]
[Date "2015.08.29"]
[Round "7.5"]
[White "Vicze, Zsofia"]
[Black "Palczert, Hajnalka"]
[Result "0-1"]
[WhiteElo "1279"]
[BlackElo "1434"]
[PlyCount "98"]
[EventDate "2015.??.??"]

1. e4 c5 2. Nf3 Nc6 3. d4 cxd4 4. Nxd4 g6 5. Nc3 Bg7 6. Be3 Nf6 7. Bc4 O-O 8.
O-O d6 9. Qd2 Bd7 10. f4 Rc8 11. Be2 a6 12. f5 b5 13. a3 Nxd4 14. Bxd4 Bc6 15.
Bf3 Qd7 16. fxg6 fxg6 17. Be3 Qb7 18. Qd3 Rc7 19. Rae1 Rfc8 20. Bd2 Qb8 21. Bg5
Be8 22. Qd2 Bf7 23. Bh6 Bc4 24. Rf2 b4 25. axb4 Qxb4 26. Bxg7 Kxg7 27. e5 dxe5
28. Rxe5 Qxb2 29. Qe3 Re8 30. h3 Bf7 31. Nd5 Bxd5 32. Bxd5 Nxd5 33. Rxd5 Rxc2
34. Rxc2 Qxc2 35. Qe5+ Kf7 36. Qf4+ Kg8 37. Ra5 Qc6 38. Qe3 Kf7 39. Qd3 Qb6+
40. Kh1 Qxa5 41. Qb3+ Kf8 42. Qf3+ Qf5 43. Qc3 Qf6 44. Qe3 Kg7 45. Qe4 Rf8 46.
Qb7 Rf7 47. Qa8 Qf1+ 48. Kh2 Rf2 49. Qb7 Qxg2+ 0-1